00732nam a22001815i 4500001000700000003000900007005001700016008004100033040002000074100003700094245007800131260007500209300007100284650002000355700002700375752002400402852012400426164841ES-MaACL20230906213022.0050809s1783 sz a | |||||||| ||fre d aCAM bspa cCAM1 aSaussure, Horace Bénédit de.10aEssais sur l'hygroméytrie ... / cpar Horace-Bénédit de Saussure... aA Nauchatel : bchez Samuel Fauche Pere et Fils imprimeurs ...,c1783. aXII, 524 p., [1] h., [10] h. pleg., [2] h. pleg. de grab. ; c8º. 4aMetereología.1 aFauche, Samuel, eimp. aSuiza - dNeuchatel aES-MaACLjR-871 z-- Enc. perg. z-- Dedic. ms. de ¿? Ortega Mayor a la biblioteca del Ateneo de Madrid z-- G-1554